Responses for Show #6276 - Monday, December 26, 2011

Jason Keller game 7.

Contestants

[<< previous game]

Jack McClintock, a graduate student of aerospace engineering from Westford, Vermont

Andrea Bornschlegel, a corporate controller from Mountain View, California

Jason Keller, a tutor from Highland Park, New Jersey (whose 6-day cash winnings total $147,000)

[next game >>]

Jeopardy! Round responses

FUNDRAISERS
FAMOUS TOMBS
ALSO A BODY PART
FOREIGN WORDS & PHRASES
SOUP ALPHABET
SCIENCE TERMS
    $200 19
the Muscular Dystrophy Association

Jack
    $200 2
Karl Marx

Andrea
    $200 1
the shoulder

Jack
    $200 17
Gesundheit

Jack
    $200 12
broth

Andrea
    $200 7
pH

Jason
    $400 20
St. Jude

Jason
    $400 26
Al Jolson

Triple Stumper
    $400 3
thumb

Jason
    $400 18
Devil's advocate

Jason
    $400 13
stock

Jason
    $400 8
a molecule

Jason
    $600 24
cystic fibrosis

Jason
    $600 27
Carry Nation

Jason
    $600 4
the palm

Triple Stumper
    $600 21
nom de guerre

Jack
    $600 14
Progresso

Jason
    $600 9
the pivot

Jack
    $2,200 25
Susan G. Komen

Jason
    $800 28
Mel Blanc

Jack
    $800 5
the appendix

Jack
    $800 22
la dolce vita

Jason
    $800 15
tomato (soup)

Jason
    $800 10
hemophilia

Jason
    $1000 29
[The end-of-round signal sounds.]

the Tomb of the Unknown Soldier

Andrea
    $1000 6
shin

Jason
    $1000 23
catharsis

Jason
    $1000 16
miso soup

Jack
    $1000 11
the pupa

Jason

Scores at the first commercial break (after clue 15):

Jason Andrea Jack
$5,600 $400 $1,600

Scores at the end of the Jeopardy! Round:

Jason Andrea Jack
$11,600 $1,400 $4,400

Double Jeopardy! Round responses

FUN RAISERS
U.S.A.
"WAR" & "PEACE"
PLAYING THE PONIES
BOOKS' FIRST LINES
THE LAST
    $400 7
a Ferris wheel

Jason
    $400 21
(Alex: Right, with a minute to go.)

Louisiana

Jack
    $400 2
warble

Jason
    $400 1
On the Road

Jason
    $400 16
cigarettes

Jason
    $800 8
hang gliding

Andrea
    $800 22
Arizona

Andrea
    $800 3
a peace pipe

Jason
    $800 12
Charlotte's Web

Jack
    $800 17
the dodo

Jason
    $1200 9
a trapeze

Jason
    $1200 23
The Beverly Hillbillies

Jason
    $1200 4
the warden

Jack
    $8,000 13
The Da Vinci Code

Jack
    $1200 18
(Andrea: What is a telegraph?)
(Alex: No.)
(Andrea: [Quietly] [*].)
(Alex: Yeah, you, uh, corrected yourself, but too late.)

a telegram

Andrea
Triple Stumper
    $1600 10
a hot air balloon

Jack
    $1600 24
Solvang

Andrea
    $1600 5
warlock

Jason
    $1600 27
[The end-of-round signal sounds.]

The Sting

Triple Stumper
    $1600 14
Harry Potter and the Sorcerer's Stone

Jason
    $2,000 19
the Holy Roman Empire

Jason
    $2000 11
(Andrea: What is free-fall?)
[Initially ruled incorrect; reversed prior to Daily Double at clue 13.]

skydiving

Andrea
    $2000 25
Gus Grissom

Jack
    $2000 6
peace offerings

Triple Stumper
    $2000 26
Hidalgo

Jack
    $2000 15
The Lovely Bones

Andrea
    $2000 20
(Jack: What is Guam?)

the Philippines

Jack
Triple Stumper

Scores at the end of the Double Jeopardy! Round:

Jason Andrea Jack
$22,400 $7,400 $18,400

[wagering suggestions for these scores]

Final Jeopardy! Round responses

JOLLY OLD ENGLAND
(Alex: That big home has become [*] Palace.)
AndreaWhat is Queensbury?
$7,000
JackWhat is Duke of York
$14,400
JasonWhat is Windsor Buckingham
$14,500
Buckingham

Final scores:

Jason Andrea Jack
$36,900 $400 $4,000
7-day champion: $183,900 3rd place: $1,000 2nd place: $2,000

Game dynamics:

Coryat scores:

Jason Andrea Jack
$20,600 $7,400 $11,600
27 R
(including 2 DDs),
0 W
8 R,
1 W
15 R
(including 1 DD),
1 W

Combined Coryat: $39,600

[game clues] [game scores] [suggest correction]

Game tape date: 2011-11-01
The J! Archive is created by fans, for fans. Scraping, republication, monetization, and malicious use prohibited; this site may use cookies and collect identifying information. See terms. The Jeopardy! game show and all elements thereof, including but not limited to copyright and trademark thereto, are the property of Jeopardy Productions, Inc. and are protected under law. This website is not affiliated with, sponsored by, or operated by Jeopardy Productions, Inc. Join the discussion at JBoard.tv.